Statistics for Tallest Buildings in Los Angeles

Click here to take the quiz!

General Stats

  • This quiz has been taken 2 times
  • The average score is 4 of 16

Answer Stats

Answer% Correct
Aon Center
100%
US Bank Tower
100%
Wilshire Grand Center
100%
Wells Fargo Tower
50%
777 Tower
0%
820 Olive Street
0%
Bank of America Plaza
0%
City National Tower
0%
Figueroa at Wilshire
0%
Gas Company Tower
0%
Metropolis Tower D
0%
Oceanside Plaza Tower 1
0%
Paul Hastings Tower
0%
The Beaundry
0%
The Ritz-Carlton Los Angeles
0%
Two California Plaza
0%

Score Distribution

Percentile by Number Answered

Percent of People with Each Score

Your Score History

You have not taken this quiz